000
00264nam a22000977a 4500
020
_a
0439219493
100
_a
Dan Greenburg
245
_a
Maximum Boy: Starring in Attack of the Soggy Underwater People /
260
_a
New York
_b
Scholastic Inc
_c
2001.
942
_c
BK
999
_c
266218
_d
266217